Catalog

Record Details

Catalog Search



Beyond UFOs : the search for extraterrestrial life ... Read More

Available copies

  • 1 of 1 copy available at LARL/NWRL Consortium. (Show)
  • 1 of 1 copy available at Northwest Regional Library.

Current holds

0 current holds with 1 total copy.

Show Only Available Copies
Location Call Number / Copy Notes Barcode Shelving Location Status Due Date
Hallock Public Library 576.8 BEN (Text) 35500004267538 Main Available -

Record details

  • ISBN: 9780691135496 (alk. paper)
  • ISBN: 0691135495 (alk. paper)
  • Physical Description: xiv, 211 p., 8 p. of plates : ill. (some col.) ; ... Read More
  • Publisher: Princeton, N.J. : Princeton University Press, c2008.

Content descriptions

General Note:
Includes index.
Summary, etc.:
Describes the startling discoveries being made in ... Read More
Subject: Exobiology.
Life on other planets.
Life > Origin
LDR 01804cam a2200301 a 4500
00194016
003LARL_NWRL_CONSORTIUM
00520080507153134.0
008070913s2008 njuaf 001 0 eng
010 . ‡a2007037872
015 . ‡aGBA816241 ‡2bnb
0167 . ‡a014514570 ‡2Uk
020 . ‡a9780691135496 (alk. paper)
020 . ‡a0691135495 (alk. paper)
035 . ‡a(OCoLC)172521761
040 . ‡aDLC ‡cDLC ‡dBAKER ‡dBTCTA ‡dYDXCP ‡dUPZ ‡dC#P ‡dUKM ‡dIXA ‡dDLC
08200. ‡a576.8/39 ‡222
1001 . ‡aBennett, Jeffrey O. ‡0(LARL_NWRL_CONSORTIUM)188354
24510. ‡aBeyond UFOs : ‡bthe search for extraterrestrial life and its astonishing implications for our future / ‡cJeffrey Bennett.
260 . ‡aPrinceton, N.J. : ‡bPrinceton University Press, ‡cc2008.
300 . ‡axiv, 211 p., 8 p. of plates : ‡bill. (some col.) ; ‡c24 cm.
500 . ‡aIncludes index.
520 . ‡aDescribes the startling discoveries being made in the very real science of astrobiology, an intriguing new field that blends astronomy, biology, and geology to explore the possibility of life on other planets. Jeffrey Bennett takes readers beyond UFOs to discuss some of the tantalizing questions astrobiologists grapple with every day: What is life and how does it begin? What makes a planet or moon habitable? Is there life on Mars or elsewhere in the solar system? How can life be recognized on distant worlds? Is it likely to be microbial, more biologically complex--or even intelligent? What would such a discovery mean for life here on Earth?--From publisher description.
650 0. ‡aExobiology. ‡0(LARL_NWRL_CONSORTIUM)37761
650 0. ‡aLife on other planets. ‡0(LARL_NWRL_CONSORTIUM)24569
650 0. ‡aLife ‡xOrigin ‡0(LARL_NWRL_CONSORTIUM)24562
901 . ‡a94016 ‡bISxN ‡c94016 ‡tbiblio

Additional Resources